Statistiques concernant Quel Club de Nationale (Rugby) ?

Cliquez ici pour prendre le quiz!

Statistiques générales

  • Ce quiz a été pris 106 fois
  • Le résultat moyen est 12 sur 14

Statistiques - réponses

QuestionRéponse% Correct
Quel Club de Haute-Garonne est en Nationale ?Blagnac
96%
Quel Club de l'Ain est en Nationale ?Bourg-en-Bresse
91%
Quel Club de l'Essonne est en Nationale ?Massy
91%
Quel Club du Tarn est en Nationale ?Albi
90%
Quel Club des Landes est en Nationale ?Dax
90%
Quel Club de l'Aude est Nationale ?Narbonne
90%
Quel Club des Pyrénées est en Nationale ?Tarbes
90%
Quel Club de la Savoie est en Nationale ?Chambéry
89%
Quel Club des Alpes-Maritimes est en Nationale ?Nice
85%
Quel Club de l'Ardèche est en Nationale ?Aubenas
82%
Quel Club du Nord de l'Isère est en Nationale ?Bourgoin-Jallieu
82%
Quel Club de la Côte-d'or est en Nationale ?Dijon
81%
Quel Club des Hauts-de-Seine est en Nationale ?Surenses
72%
Quel Club Fusion de Charente et Charente-Maritime est en Nationale ?Cognac-Saint-Jean-d'Angély
71%

Distribution des résultats

Percentile par nombre de réponses

% des personnes avec chaque résultat

Votre développement - résultats

Vous n’avez pas pris ce quiz